Theorica, y Practica de Comercio y de Marina
Gardado en:
| Autor Principal: | |
|---|---|
| Formato: | Libro |
| Idioma: | Lingua castelá |
| Publicado: |
Madrid
Imprenta de Antonio Sanz
1757
|
| Edición: | 3a. ed |
| Subjects: | |
| Tags: |
Engadir etiqueta
Sen Etiquetas, Sexa o primeiro en etiquetar este rexistro!
|
MARC
| LEADER | 00000nam a2200000 a 4500 | ||
|---|---|---|---|
| 001 | UCJ6722 | ||
| 003 | CL-VaPUC | ||
| 008 | 070124e17570000SP |||||||||||||||||spa|d | ||
| 082 | 0 | 4 | |a 090 |b UZT |2 21 |
| 100 | 0 | |a Uztariz, Gerónimo de |e author |9 513949 | |
| 245 | 1 | 0 | |a Theorica, y Practica de Comercio y de Marina |
| 250 | |a 3a. ed | ||
| 300 | |a 472 p | ||
| 942 | |c BK | ||
| 945 | |d 20070124 00:00:00 |a rinostro | ||
| 260 | |a Madrid |b Imprenta de Antonio Sanz |c 1757 | ||
| 500 | |a Folio, pasta española.- Port.- v. en b.- Dedicatoria al Rey.- Pg. 1 retrato de D. Gerónimo de Uztáriz.- Advierte errata | ||
| 650 | 0 | |a Derecho español |9 255291 | |
| 650 | 0 | |a Derecho colonial |9 315100 | |
| 650 | 0 | |a Colonización española |9 256592 | |
| 650 | 0 | |a Comercio |9 255341 | |
| 650 | 0 | |a Iconografía |9 267998 | |
| 650 | 7 | |a DESCRIPCION BIBLIOFILICA |2 CL-VaPUC |9 504580 | |
| 650 | 7 | |a LIBRO RARO |2 CL-VaPUC |9 504169 | |
| 650 | 0 | |a Aduanas |9 255492 | |
| 650 | 0 | |a Hacienda pública |9 258673 | |
| 650 | 0 | |a Navegación |9 255384 | |
| 651 | 0 | |a Inglaterra |9 255158 | |
| 651 | 0 | |a Holanda |9 267234 | |
| 583 | |a last modification |c 20070124 00:00:00 |k Rodrigo Vera | ||
| 999 | |c 322824 |d 322822 | ||
| 952 | |0 0 |1 0 |4 0 |6 090_000000000000000_UZT_1757 |7 0 |8 X |9 401930 |a FDOBUD |b FDOBUD |d 2019-11-22 |i 1051873 |o 090 UZT 1757 |p 1051873 |r 2019-11-22 |w 2019-11-22 |y BK_X |k BUD | ||